Nghiên cứu đặc điểm dinh dưỡng, sinh trưởng và sinh học sinh sản cá sặc bướm (Trichogaster trichopterus Pallas, 1770) : Luận văn tốt nghiệp Cao học. Chuyên ngành Quản lý nguồn lợi thủy sản

Nghiên cứu đặc điểm dinh dưỡng, đặc điểm sinh trưởng, đặc điểm sinh học sinh sản của cá sặc bướm nhằm cung cấp cơ sở khoa học cho các nghiên cứu tiếp theo về sản xuất giống và góp phần bảo vệ nguồn lợi cá tự nhiên ở Đồng bằng so...

Description complète

Enregistré dans:
Détails bibliographiques
Auteur principal: Chung, Tuấn Vũ
Format: Livre
Langue:Undetermined
Publié: Cần Thơ Trường Đại học Cần Thơ 2017
Sujets:
Tags: Ajouter un tag
Pas de tags, Soyez le premier à ajouter un tag!
Thư viện lưu trữ: Trung tâm Học liệu Trường Đại học Cần Thơ
LEADER 01290nam a2200217Ia 4500
001 CTU_221236
008 210402s9999 xx 000 0 und d
082 |a 639.31 
082 |b V500 
088 |a 60620305 
100 |a Chung, Tuấn Vũ 
245 0 |a Nghiên cứu đặc điểm dinh dưỡng, sinh trưởng và sinh học sinh sản cá sặc bướm (Trichogaster trichopterus Pallas, 1770) : 
245 0 |b Luận văn tốt nghiệp Cao học. Chuyên ngành Quản lý nguồn lợi thủy sản 
245 0 |c Chung Tuấn Vũ ; Nguyễn Bạch Loan (Cán bộ hướng dẫn) 
260 |a Cần Thơ 
260 |b Trường Đại học Cần Thơ 
260 |c 2017 
520 |a Nghiên cứu đặc điểm dinh dưỡng, đặc điểm sinh trưởng, đặc điểm sinh học sinh sản của cá sặc bướm nhằm cung cấp cơ sở khoa học cho các nghiên cứu tiếp theo về sản xuất giống và góp phần bảo vệ nguồn lợi cá tự nhiên ở Đồng bằng sông Cửu Long. 
650 |a Cá nước ngọt,Freshwater fishes 
904 |i Hải 
980 |a Trung tâm Học liệu Trường Đại học Cần Thơ